| 000 | 01511nam a2200301 a 4500 | ||
|---|---|---|---|
| 001 | BRCA_8665 | ||
| 005 | 20190320210349.0 | ||
| 008 | 021216s1799----it-#######---#000-0#lat-# | ||
| 041 | _alat | ||
| 044 | _ait | ||
| 050 | 4 |
_aBV169 _b.S23 _c177-? |
|
| 245 | 1 | 0 | _aSabbato ante dominicas primas adventus ad magnificat. |
| 260 |
_a[s.l.] _b[s.i.] _c177-? |
||
| 300 |
_aT.V, cxij p. _c64 cm |
||
| 500 | _aFondo antiguo | ||
| 500 | _aSe encuentra en Caja Fuerte | ||
| 500 | _aW-24 | ||
| 500 | _aLibro de coro con letras capitulares en tinta roja | ||
| 500 | _aContiene pentagramas musicales | ||
| 500 | _aNota de encuadernación: Madera sobre piel, con aplicaciones de oro en las esquinas una de ellas esta incompleta, bronches de piel con herrajes de oro | ||
| 500 | _aEstado físico: Algunas de las páginas del documento se encuentran reparadas con una pequeña costura | ||
| 505 | 0 | _aLibro quinto que contiene las antifonias de las ferias, Dominicas de adviento y quaresma y Dominicas infraoctavas, hasta la feria quinta en cena domini, también contiene todos los maytines de navidad seguidos con las antifonias de Laudes de la vigilia.-- Las visperas de San Esteban Pronto martir.-- Las de San Juan Apostol.-- Las de los santos inocentes. | |
| 506 | 0 | _aFondo reservado: para su consulta es necesario credencial de usuario y carta de motivos | |
| 650 | 1 | 4 |
_aIglesia católica _eLiturgia _vManuscritos _921622 |
| 650 | 1 | 4 |
_aLibros de coro _eIglesia católica _921623 |
| 902 | _aLAR | ||
| 942 |
_2lcc _cB |
||
| 999 |
_c8324 _d8324 |
||